| 000 | 01053pam a2200325 a 4500 | ||
|---|---|---|---|
| 001 | 2959080 | ||
| 003 | OSt | ||
| 005 | 20140310184242.0 | ||
| 008 | 910306s1992 nyuc j b 001 0ceng | ||
| 010 | _a 91008817 | ||
| 020 | _a0590428977 | ||
| 040 |
_aDLC _cDLC _dDLC |
||
| 042 | _alcac | ||
| 043 | _an-us--- | ||
| 050 | 0 | 0 |
_aE 185.96 _b.H355 1992 |
| 100 | 1 |
_aHaskins, James, _d1941-2005. _924800 |
|
| 245 | 1 | 0 |
_aOne more river to cross : _bthe stories of twelve Black Americans / _cby Jim Haskins. |
| 260 |
_aNew York : _bScholastic, _cc1992. |
||
| 300 |
_a215 p. : _c22 cm. |
||
| 521 | _aG9 | ||
| 526 | _c1070 | ||
| 650 | 0 |
_aAfrican Americans _vBiography _vJuvenile literature. _924801 |
|
| 650 | 1 |
_aAfrican Americans _vBiography. _924802 |
|
| 906 |
_a7 _bcbu _corignew _d1 _eocip _f19 _gy-gencatlg |
||
| 942 |
_2lcc _cBK-SCHOLAS |
||
| 999 |
_c33280 _d33280 |
||